000 00867nam a2200205Ia 4500
008 151119s9999||||xx |||||||||||||| ||und||
082 _a181.4देशपां/श्रीशंक
082 _bGKKV33617
100 _a"देशपांडे, चिंतामणी"
245 _aश्री शंकर गीता कथासार आणि उपासना
260 _aपुणे
260 _bउमा पब्लिकेशन्स
260 _c2009
300 _a154
600 _a"देशपांडे, चिंतामणी"
630 _aश्री शंकर गीता कथासार आणि उपासना
700 _a"देशपांडे, चिंतामणी"
730 _aश्री शंकर गीता कथासार आणि उपासना
942 _cBOOK
999 _c1085912
_d1085909